| 000 | 00361nam a2200097Ia 4500 | ||
|---|---|---|---|
| 008 | 180130s9999 xx 000 0 und d | ||
| 245 |
_cGulati, Ranjay _aSilo busting: how to execute on the promise of customer focus |
||
| 260 | _c2013 | ||
| 300 | _aBook title: HBR's 10 must reads on collaboration--Acession number C20792; pages 59-78 | ||
| 650 | _aBUSINESS NETWORKS | ||
| 999 |
_c354442 _d354442 |
||